000 00739nam a22002537a 4500
999 _c429070
_d429070
001 48945
003 UA-OsUOA
005 20191226091729.0
007 ta
008 20130819b un ||||| |||| 00| 0 ukr d
040 _aUA-OsUOA
_bukr
_cUA-OsUOA
_dUA-OsUOA
041 _aukr
080 _a32/94(450+571)
090 _a32/94(450+571)
_bГ13
100 _aГадяцький М.
245 _aДжерела московського комунізму
260 _aТоронто
_bKiev Printers LTD.
_c1960
300 _a123 с.
650 7 _a32 Політика
_2UDC
942 _cBK
_2udc
955 _a1